Statistics for Crowded US States

Click here to take the quiz!

General Stats

  • This quiz has been taken 18 times
  • The average score is 4 of 5

Answer Stats

Area(Sq Miles)PopulationAnswer% Correct
87238,882,190New Jersey
94%
12,4066,045,680Maryland
89%
10,5546,892,503Massachusetts
83%
32,0205,148,714South Carolina
67%
36,4206,732,219Indiana
39%

Score Distribution

Percentile by Number Answered

Percent of People with Each Score

Your Score History

You have not taken this quiz